000 00584nam a2200241 a 4500
001 0001-1155
003 ELIB.Books
008 150506 2010 eng
020 _a9780817015695
035 _a(ELIB.Books)0001-1310
092 _a230.6
_bMul
100 _aMullins, E. Y.
245 _aBaptist Beliefs
260 _aVilley Forge
_bJudson Press
_c2009
300 _a83
_c18.5
500 _aC/o Moe Lwei
650 _aTheology
856 _nKBTS: Library
_uKBTS: Elib
942 _2ddc
_cBK
990 _a1
998 _cbat
_e2015-05-06
999 _c11155
_d11155